01257 a2200181 45000010006000000050017000060080041000230030015000640400040000790800145001192450113002640200018003772640031003953000019004265050599004450410008010441000023010525496120260407155825.0260407a1999 arg spa dAR-UNSa-BCEJYS aAR-UNSa-BCEJYSbspacAR-UNSa-BCEJYS a658.012.4xGestión. Dirección. Autoridad. Técnicas y métodos de gestión (gestión del conocimiento, Outsourcing, Benchmarking...)10aLa dirección de proyectos en las organizacionespcómo utilizar bien el tiempo, las técnicas y la gente a84-7577-647-7 1aBarcelona :bGranicac1999 a339 p.c22 cm. a1. Operar dentro de las realidades de la vida organizacional – 2.Trabajar con gente capaz – 3.Estructurar los equipos del proyecto y darles cohesión – 4.Asegurarse de que el proyecto se base sobre una necesidad clara – 5.Especificar lo que el proyecto debe lograr – 6.Instrumentos técnicos para realizar el proyecto – 7.Como dirigir proyectos complejos y resolver problemas especiales – 8.Como alcanzar buenos resultados: principios para triunfar como gerente de proyecto – 9.Las competencias básicas del manager de proyecto ,la dirección de proyectos como profesión. aspa1 aFrame, J. Davidson